Statystyki dla Grupy geograficzne - piątki #1

Kliknij tutaj aby rozwiązać quiz!

Ogólne statystyki

  • Ten quiz został rozwiązany 7 168 razy
  • Średni wynik to 28 z 45

Statystyki odpowiedzi

GrupaOdpowiedź% Poprawnych
Sąsiedzi RumuniiBułgaria
91%
Państwa Afryki nad Morzem ŚródziemnymEgipt
91%
Państwa Afryki nad Morzem ŚródziemnymMaroko
89%
Sąsiedzi RumuniiMołdawia
89%
Państwa Afryki nad Morzem ŚródziemnymAlgieria
88%
Miasta Australii z ponad milionem ludziSydney
88%
Państwa Afryki nad Morzem ŚródziemnymTunezja
88%
Sąsiedzi RumuniiWęgry
88%
Sąsiedzi RumuniiUkraina
87%
Sąsiedzi RumuniiSerbia
86%
Państwa Afryki nad Morzem ŚródziemnymLibia
85%
Największe wyspy na Morzu ŚródziemnymCypr
81%
Stany USA nad Oceanem SpokojnymKalifornia
81%
Główne równoleżnikiZwrotnik Koziorożca
80%
Główne równoleżnikiZwrotnik Raka
80%
Największe jeziora PolskiŚniardwy
78%
Największe wyspy na Morzu ŚródziemnymSycylia
77%
Główne równoleżnikiRównik
76%
Największe wyspy na Morzu ŚródziemnymSardynia
70%
Stany USA nad Oceanem SpokojnymWaszyngton
70%
Największe wyspy na Morzu ŚródziemnymKreta
69%
Miasta będące wielokrotnie gospodarzami
letnich igrzysk olimpijskich
Paryż
66%
Miasta będące wielokrotnie gospodarzami
letnich igrzysk olimpijskich
Londyn
65%
Największe wyspy na Morzu ŚródziemnymKorsyka
64%
Największe jeziora PolskiMamry
61%
Miasta będące wielokrotnie gospodarzami
letnich igrzysk olimpijskich
Tokio
60%
Stany USA nad Oceanem SpokojnymAlaska
56%
Miasta Australii z ponad milionem ludziMelbourne
56%
Miasta będące wielokrotnie gospodarzami
letnich igrzysk olimpijskich
Ateny
55%
Największe wyspy IndonezjiJawa
54%
Największe wyspy IndonezjiBorneo
52%
Stany USA nad Oceanem SpokojnymHawaje
51%
Główne równoleżnikiKoło podbiegunowe północne
51%
Główne równoleżnikiKoło podbiegunowe południowe
50%
Miasta Australii z ponad milionem ludziPerth
48%
Stany USA nad Oceanem SpokojnymOregon
46%
Największe wyspy IndonezjiSumatra
43%
Miasta będące wielokrotnie gospodarzami
letnich igrzysk olimpijskich
Los Angeles
37%
Miasta Australii z ponad milionem ludziBrisbane
27%
Miasta Australii z ponad milionem ludziAdelaide
25%
Największe jeziora PolskiŁebsko
24%
Największe wyspy IndonezjiNowa Gwinea
23%
Największe wyspy IndonezjiCelebes
22%
Największe jeziora PolskiDąbie
14%
Największe jeziora PolskiMiedwie
9%

Rozkład punktacji

Percentyl według liczby udzielonych odpowiedzi

Procent ludzi z każdym wynikiem

Twoja historia wyników

Nie rozwiązałeś tego quizu